Fi al-Fann wa-al-thaqāfah al-Qibṭīyah.

محفوظ في:

مؤلفون آخرون: Hondelink, H. (Hans).

التنسيق: كتاب

اللغة: Arabic

منشور في: al-Qāhirah : Dār Shuhdi lil-Nashr, 1991.

الموضوعات:

الوسوم: إضافة وسم

لا توجد وسوم, كن أول من يضع وسما على هذه التسجيلة!

رقم الطلب: N7382 .C6613 1991

LEADER 00783nam a2200217Ia 4500
003 OSt
005 20230815104218.0
008 130303s1991 ua 000 0 ara d
952 |0 0  |1 0  |2 lcc  |4 0  |6 N7382 C6613 01991  |7 1  |9 49567  |a ARCE  |b ARCE  |d 2023-08-15  |l 0  |o N7382 .C6613 1991  |p 1008030  |r 2023-08-15 00:00:00  |w 2023-08-15  |y BK 
999 |c 25390  |d 25390 
040 |c ARCE Library 
043 |a f-ua--- 
050 4 |a N7382 .C6613 1991 
245 0 0 |6 880-02  |a Fi al-Fann wa-al-thaqāfah al-Qibṭīyah. 
264 1 |a al-Qāhirah :   |b Dār Shuhdi lil-Nashr,   |c 1991. 
300 |a 193 pages ;   |c 24 cm. 
650 0 |a Coptic art  |z Egypt  |z Cairo 
700 1 |a Hondelink, H. (Hans). 
880 0 0 |6 245-02/(3/r  |a في الفن و الثقافة القبطية‪‪‪‪‪‪‪ 
901 |a reviewed 
942 |c BK  |2 lcc